000 00681nam a2200205Ia 4500
003 GCL
008 140319s9999 xx 000 0 ara d
040 _aGCL /
_cGCL
082 0 4 _a953.0726
_bب ت
100 1 _aحمادى الساحلى
245 1 0 _aتاريخ افريقية فى العهد الحفصى: من القرن 13 الى نهاية القرن 15 م /
_cحمادى الساحلى
700 1 _aبرنشفيك، روبار
260 _a[S.N] :
_bدار الغرب الاسلامى ،
_c1988
300 _aمتعدد
490 _aالسلسلة الجامعية
_v0
650 0 4 _aتاريخ
650 0 4 _aتونس
650 0 4 _aبنو حفص
942 _2ddc
_cBK
999 _c55204
_d55204